[Event "UKR Championship Club's Teams"]
[Site "Alushta"]
[Date "2009.05.21"]
[Round "1.2"]
[White "Vovk, Andrey"]
[Black "Golovlev, Nikolay"]
[Result "1-0"]
[WhiteElo "2502"]
[BlackElo "2331"]
[PlyCount "47"]
[EventDate "2009.05.21"]

1. e4 e6 2. d4 d5 3. Nc3 Nf6 4. Bg5 Bb4 5. e5 h6 6. Be3 Ne4 7. Qg4 Kf8 8. a3
Ba5 9. Nge2 c5 10. dxc5 Nc6 11. b4 Nxc3 12. Nxc3 Nxe5 13. Qh3 Bc7 14. Nb5 Bb8
15. Rd1 Ng6 16. c4 a6 17. Nc3 Ne7 18. Qf3 Be5 19. Na4 Bc7 20. cxd5 exd5 21. Nc3
Be6 22. Bc4 Qc8 23. Nxd5 Bg4 24. Qe4 1-0

[Event "UKR Championship Club's Teams"]
[Site "Alushta"]
[Date "2009.05.21"]
[Round "1.2"]
[White "Vetoshko, Volodymyr"]
[Black "Khachatryan, Vahag H"]
[Result "1/2-1/2"]
[WhiteElo "2165"]
[BlackElo "2163"]
[PlyCount "155"]
[EventDate "2009.05.21"]

1. e4 e5 2. Nf3 Nc6 3. Bb5 Nf6 4. O-O d6 5. d4 exd4 6. Nxd4 Bd7 7. Nc3 Be7 8.
Bxc6 bxc6 9. Qf3 O-O 10. e5 dxe5 11. Nxc6 Bxc6 12. Qxc6 Qd6 13. Qf3 Qe6 14. Re1
Bb4 15. Bg5 c6 16. a3 Bxc3 17. Qxc3 Nd5 18. Qc5 f6 19. Bd2 Rfe8 20. Rad1 e4 21.
c4 Nb6 22. b3 Nd7 23. Qd4 c5 24. Qc3 Rad8 25. Qg3 Nf8 26. Be3 Qc6 27. Qg4 Ng6
28. Rxd8 Rxd8 29. Rd1 Rxd1+ 30. Qxd1 Ne5 31. Qd8+ Kf7 32. h3 32... Nd3 $11 33.
h4 a6 34. h5 h6 35. a4 Ne5 36. a5 Nd7 37. Bf4 Qe6 38. Qc7 Qg4 39. Qd6 Qe6 40.
b4 Qxd6 41. Bxd6 cxb4 42. Bxb4 Ne5 43. Kf1 Nxc4 44. Ke2 f5 45. f3 g6 46. hxg6+
Kxg6 47. Kf2 Ne5 48. Bc3 Nc4 49. Kg3 Kg5 50. Bb4 f4+ 51. Kf2 Kf5 52. Ke2 h5 53.
Bc3 Ne3 54. g3 Nd5 55. Be1 e3 56. Kd3 Ne7 57. Ke2 Nc6 58. Kd3 fxg3 59. Bxg3
Nxa5 60. Kxe3 Nc6 61. Bd6 Ne5 62. Kf2 a5 63. Kg3 Ng6 64. Bc7 a4 65. Bd6 h4+ 66.
Kh3 Kg5 67. Kg2 Nf4+ 68. Kh2 Ng6 69. Kg2 Kf5 70. Kh3 Ke6 71. Ba3 Ne5 72. Kxh4
Nxf3+ 73. Kg3 Nd4 74. Kf2 Kd5 75. Bf8 Kc4 76. Ke3 Nb3 77. Ke2 Kc3 78. Ke3
1/2-1/2

[Event "UKR Championship Club's Teams"]
[Site "Alushta"]
[Date "2009.05.21"]
[Round "1.3"]
[White "Korobov, Anton"]
[Black "Dovzik, Juri"]
[Result "1-0"]
[WhiteElo "2616"]
[BlackElo "2366"]
[PlyCount "75"]
[EventDate "2009.05.21"]

1. d4 d5 2. c4 c6 3. Nc3 Nf6 4. Nf3 a6 5. c5 g6 6. Bg5 Bg7 7. e3 O-O 8. Bd3 Bg4
9. Qb3 Bxf3 10. gxf3 Qc8 11. f4 e6 12. Bxf6 Bxf6 13. h4 h5 14. Qc2 Bg7 15. Rg1
Qe8 16. O-O-O f5 17. Qb3 b5 18. cxb6 Nd7 19. Na4 Rb8 20. Kb1 Nxb6 21. Nxb6 Qd8
22. Rxg6 Rxb6 23. Qc2 Rf6 24. Rg5 Rf7 25. Rdg1 Rfb7 26. Ka1 Qf8 27. Rg6 c5 28.
Qxc5 Qb8 29. Rxe6 Rxe6 30. Qxd5 Rbb6 31. Bxf5 Qc8 32. Bxe6+ Qxe6 33. Qxh5 Rb7
34. Qc5 Rf7 35. a3 Qh3 36. h5 Qh2 37. Qc8+ Kh7 38. Qg4 1-0

[Event "UKR Championship Club's Teams"]
[Site "Alushta"]
[Date "2009.05.22"]
[Round "2.2"]
[White "Chos, Alexey"]
[Black "Romanchuk, Viktor"]
[Result "1/2-1/2"]
[WhiteElo "2324"]
[BlackElo "2305"]
[PlyCount "86"]
[EventDate "2009.05.21"]

1. e4 e6 2. d4 d5 3. Nd2 dxe4 4. Nxe4 Nd7 5. Nf3 Ngf6 6. Nxf6+ Nxf6 7. c3 c5 8.
Ne5 a6 9. Be3 Qc7 10. Qa4+ Nd7 11. Bb5 cxd4 12. Bxd7+ Bxd7 13. Nxd7 Qxd7 14.
Qxd7+ Kxd7 15. Bxd4 Bd6 16. Ke2 e5 17. Be3 Bc7 18. Rhd1+ Ke6 19. c4 Rhd8 20.
Rac1 Rxd1 21. Rxd1 Rd8 22. Rxd8 Bxd8 23. a4 Ba5 24. f3 Bb4 25. Kd3 f5 26. h3
26... Kd6 $11 27. g4 g6 28. b3 Ke6 29. Ba7 Kd6 30. Be3 Ke6 31. Bg5 Kd6 32. Bh6
Ke6 33. gxf5+ gxf5 34. Bg7 Bc5 35. Bh6 Bb4 36. Ke3 Kd7 37. Ke2 Ke7 38. Bg7 Ke6
39. Ke3 Bc5+ 40. Kd3 Bb4 41. Bh6 Kd7 42. h4 Ke6 43. h5 Kd7 1/2-1/2

[Event "UKR Championship Club's Teams"]
[Site "Alushta"]
[Date "2009.05.22"]
[Round "2.2"]
[White "Golovlev, Nikolay"]
[Black "Sergeev, Vitalij"]
[Result "1-0"]
[WhiteElo "2331"]
[BlackElo "2123"]
[PlyCount "71"]
[EventDate "2009.05.21"]

1. d4 Nf6 2. c4 e5 3. dxe5 Ng4 4. Bf4 g5 5. Bc1 Nc6 6. Nf3 Bc5 7. e3 Ngxe5 8.
Nc3 d6 9. a3 a5 10. Be2 Nxf3+ 11. Bxf3 Ne5 12. Be2 Be6 13. b3 f5 14. Bb2 O-O
15. h4 gxh4 16. Nd5 Ng6 17. Qd2 Rf7 18. Nf4 Nxf4 19. exf4 19... h6 $11 20. Bh5
Rd7 21. O-O-O Kh7 22. Rde1 Bf7 23. Bf3 d5 24. cxd5 Bxd5 25. Qc2 Qf8 26. Re5
Bxa3 27. Bxd5 Bxb2+ 28. Kxb2 Qf6 29. Be6 Rg7 30. Qxf5+ Qxf5 31. Bxf5+ Kh8 32.
Rxh4 Rxg2 33. Re7 a4 34. Rxh6+ Kg8 35. Be6+ Kf8 36. Rf7+ 1-0

[Event "UKR Championship Club's Teams"]
[Site "Alushta"]
[Date "2009.05.22"]
[Round "2.2"]
[White "Jary, Sergey"]
[Black "Tikhomirov, Alexey"]
[Result "1/2-1/2"]
[WhiteElo "2182"]
[BlackElo "2242"]
[PlyCount "31"]
[EventDate "2009.05.21"]

1. d4 d5 2. Nf3 e6 3. c4 Nf6 4. Nc3 Be7 5. Bg5 h6 6. Bf4 O-O 7. e3 b6 8. Bd3
Bb7 9. O-O c5 10. Qe2 dxc4 11. Bxc4 Nd5 12. Bg3 Nxc3 13. bxc3 Bd6 14. e4 Bxg3
15. hxg3 Qe7 16. Rfe1 $11 1/2-1/2

[Event "UKR Championship Club's Teams"]
[Site "Alushta"]
[Date "2009.05.22"]
[Round "2.4"]
[White "Boricsev, Oleg"]
[Black "Meleshko, Vladimir"]
[Result "1/2-1/2"]
[WhiteElo "2279"]
[BlackElo "2155"]
[PlyCount "133"]
[EventDate "2009.05.21"]

1. e4 c5 2. c3 d5 3. exd5 Qxd5 4. d4 g6 5. dxc5 Qxc5 6. Be3 Qc7 7. Na3 Nc6 8.
Nb5 Qb8 9. Nf3 Nf6 10. Qd2 a6 11. Nbd4 Bd7 12. Bf4 Qc8 13. Bh6 Bxh6 14. Qxh6
Qc7 15. Be2 O-O-O 16. O-O Nd5 17. Rfe1 f6 18. Nxc6 Bxc6 19. Nd4 Nf4 20. Nxc6
Nxe2+ 21. Rxe2 bxc6 22. Qg7 Rhe8 23. h3 Qd6 24. Qxh7 f5 25. Rae1 e5 26. Qa7 c5
27. b4 Re7 28. bxc5 Rxa7 29. cxd6 Rxd6 30. Rxe5 Rc7 31. Re6 Kd7 32. Rxd6+ Kxd6
33. Re3 Rc6 34. f4 Rc4 35. Rg3 Ra4 36. Rxg6+ Kd5 37. h4 Rxf4 38. Rxa6 Rxh4 39.
Ra5+ Ke6 40. Kf2 Rf4+ 41. Ke3 Rf1 42. c4 Rg1 43. Kf2 Rc1 44. c5 Rc2+ 45. Kf3
Rc3+ 46. Kf4 Rc4+ 47. Ke3 Rc2 48. g3 Rc3+ 49. Kd4 Rxg3 50. Ra6+ Kd7 51. Rd6+
Kc7 52. Kc4 Ra3 53. Rd2 f4 54. Kb4 Re3 55. Kb5 Re1 56. Rf2 Rb1+ 57. Kc4 Kc6 58.
Rxf4 Rc1+ 59. Kb4 Rb1+ 60. Ka5 Kxc5 61. a4 Kc6 62. Ka6 Rb6+ 63. Ka7 Rb7+ 64.
Ka8 Rh7 65. Rf6+ Kc5 66. a5 Kb5 67. a6 $11 1/2-1/2

[Event "UKR Championship Club's Teams"]
[Site "Alushta"]
[Date "2009.05.22"]
[Round "2.5"]
[White "Azarov, Sergei"]
[Black "Tukhaev, Adam"]
[Result "1/2-1/2"]
[WhiteElo "2618"]
[BlackElo "2517"]
[PlyCount "57"]
[EventDate "2009.05.21"]

1. e4 g6 2. d4 Bg7 3. Nf3 d6 4. Be2 Nf6 5. Nc3 O-O 6. O-O e6 7. h3 Nc6 8. Bg5
h6 9. Bf4 b6 10. Qd2 Kh7 11. Rad1 Ne7 12. e5 Nfd5 13. Nxd5 Nxd5 14. Bg3 Bb7 15.
Bd3 Ne7 16. Qf4 Nf5 17. Bxf5 gxf5 18. c4 dxe5 19. Nxe5 Qg5 20. d5 Qxf4 21. Bxf4
exd5 22. cxd5 Rfe8 23. Nc6 Bxb2 24. Rfe1 Re4 25. Bxc7 Rc8 26. Rxe4 fxe4 27. Be5
Bxc6 28. Bxb2 Bd7 29. Rc1 $11 1/2-1/2

[Event "UKR Championship Club's Teams"]
[Site "Alushta"]
[Date "2009.05.23"]
[Round "3.1"]
[White "Tishin, D.."]
[Black "Khachatryan, Vahag H"]
[Result "1/2-1/2"]
[WhiteElo "2299"]
[BlackElo "2163"]
[PlyCount "155"]
[EventDate "2009.05.21"]

1. c4 e6 2. g3 d5 3. Bg2 Nf6 4. Nf3 c6 5. b3 Nbd7 6. Bb2 Bd6 7. O-O O-O 8. d4
Re8 9. Nbd2 e5 10. cxd5 cxd5 11. dxe5 Nxe5 12. Nxe5 Bxe5 13. Bxe5 Rxe5 14. Nf3
Re8 15. Nd4 Bg4 16. h3 Bh5 17. f4 Qe7 18. Rf2 h6 19. f5 Qe5 20. Qd3 Ne4 21. g4
Nxf2 22. Kxf2 Qf4+ 23. Bf3 Qh2+ 24. Bg2 Bxg4 25. hxg4 Re4 26. Nf3 Qf4 27. Qxd5
Rae8 28. Re1 Qxg4 29. e3 h5 30. Bh1 h4 31. Rg1 Qh5 32. Nd4 R4e5 33. Qf3 Qh6 34.
Qf4 Qf6 35. Qg5 Qxg5 36. Rxg5 Rxe3 37. Ne6 Rg3 38. Nxg7 Re5 39. Ne6+ Rxg5 40.
Nxg5 Rxf5+ 41. Nf3 b6 42. Bg2 Kg7 43. Ke3 Rc5 44. Kd3 Rh5 45. Bh3 Kg6 46. Ke4
f6 47. Kf4 Kf7 48. Bf1 48... Ke7 $11 49. Kg4 Ra5 50. a4 h3 51. Bxh3 Rd5 52. Bf1
Kd6 53. Kf4 Kc5 54. Ke3 Kb4 55. Bc4 Rc5 56. Kd3 Rh5 57. Nd4 Rh3+ 58. Ke4 Kc5
59. Nb5 a5 60. Nc7 Rh4+ 61. Kd3 Rh3+ 62. Kc2 f5 63. Kd2 Kd4 64. Ne6+ Ke5 65.
Nf8 Kd6 66. Ng6 Rg3 67. Nf4 Kc5 68. Ke2 Kb4 69. Nd5+ Kc5 70. Kf2 Rh3 71. Kg2
Rh4 72. Ne3 Rd4 73. Nxf5 Rxc4 74. bxc4 Kxc4 75. Ne3+ Kb4 76. Nd5+ Kxa4 77.
Nxb6+ Kb5 78. Nd5 1/2-1/2

[Event "UKR Championship Club's Teams"]
[Site "Alushta"]
[Date "2009.05.23"]
[Round "3.2"]
[White "Vovk, Yuri"]
[Black "Dmitrenko, Viktor"]
[Result "1/2-1/2"]
[WhiteElo "2575"]
[BlackElo "2338"]
[PlyCount "104"]
[EventDate "2009.05.21"]

1. e4 c6 2. d4 d5 3. e5 Na6 4. c3 Bf5 5. Ne2 Nc7 6. Ng3 Bg6 7. Be3 e6 8. Nd2
Ne7 9. f4 Nf5 10. Bf2 h5 11. Be2 h4 12. Nxf5 Bxf5 13. Qb3 b5 14. a4 a6 15. O-O
Be7 16. Qd1 Kd7 17. Nb3 Be4 18. Be3 Qg8 19. Nd2 Bf5 20. b3 Qh7 21. Ra2 Bd3 22.
Nf3 Bf5 23. Qd2 Rhb8 24. Rfa1 bxa4 25. b4 a5 26. Rxa4 axb4 27. Rxa8 Rxa8 28.
Rxa8 Nxa8 29. cxb4 Nc7 30. Bf2 h3 31. g3 Be4 32. Ne1 32... Qh8 $11 33. Nd3 Qa8
34. Nc5+ Bxc5 35. bxc5 Qa3 36. Be1 Nb5 37. Kf2 Qa1 38. Bxb5 cxb5 39. g4 Qa3 40.
Qc3 b4 41. Qxa3 bxa3 42. Kg3 a2 43. Bc3 g5 44. fxg5 Bg2 45. Kh4 Bf1 46. Kh5 Be2
47. Ba1 Bf3 48. Kh4 Bg2 49. Kg3 Bf1 50. Kf3 Bd3 51. Ke3 Be4 52. Kf4 Bg2 1/2-1/2

[Event "UKR Championship Club's Teams"]
[Site "Alushta"]
[Date "2009.05.23"]
[Round "3.2"]
[White "Chulivska, Vita"]
[Black "Alexeev, Alexey"]
[Result "0-1"]
[WhiteElo "2338"]
[BlackElo "2268"]
[PlyCount "84"]
[EventDate "2009.05.21"]

1. e4 e6 2. d4 d5 3. Nd2 c5 4. Ngf3 cxd4 5. Nxd4 Nf6 6. Bb5+ Bd7 7. exd5 Nxd5
8. Bxd7+ Nxd7 9. O-O Be7 10. c4 N5f6 11. N2f3 O-O 12. b3 a6 13. Bb2 Qa5 14. Qe2
Rfe8 15. Rfd1 Bf8 16. a3 Qh5 17. b4 Rad8 18. Nc2 $11 18... e5 19. c5 e4 20.
Nfd4 Ne5 21. Qxh5 Nxh5 22. Nb3 Nd3 23. Bd4 Nhf4 24. Kf1 Rd7 25. Be3 Nd5 26. Na5
g6 27. Bd4 Ne7 28. Bf6 Nd5 29. Bd4 f5 30. Rab1 Rc8 31. Ne1 Nxe1 32. Rxe1 Nf4
33. Be3 Nd3 34. Red1 f4 35. Bxf4 Rf7 36. Be3 Nxf2 37. Bxf2 e3 38. Rb2 Bg7 39.
Re2 Rcf8 40. Rxe3 Rxf2+ 41. Ke1 Rf1+ 42. Kd2 Rd8+ 0-1

[Event "UKR Championship Club's Teams"]
[Site "Alushta"]
[Date "2009.05.23"]
[Round "3.4"]
[White "Bunda, Viktor"]
[Black "Zinchenko, Yaroslav"]
[Result "1/2-1/2"]
[WhiteElo "2265"]
[BlackElo "2531"]
[PlyCount "52"]
[EventDate "2009.05.21"]

1. e4 c5 2. Nf3 Nc6 3. d4 cxd4 4. Nxd4 Nf6 5. Nc3 d6 6. Bg5 Qb6 7. Nb3 e6 8.
Qd2 Be7 9. f3 O-O 10. O-O-O a6 11. h4 Rd8 12. Be3 Qc7 13. Qf2 Nd7 14. Kb1 b5
15. g4 Nce5 16. g5 b4 17. Ne2 Nc4 18. Bc1 a5 19. Ng3 Rb8 20. h5 Ndb6 21. f4 Na4
22. Bxc4 Qxc4 23. f5 exf5 24. exf5 Rb5 25. f6 Bf8 26. g6 26... h6 $11 1/2-1/2

[Event "UKR Championship Club's Teams"]
[Site "Alushta"]
[Date "2009.05.23"]
[Round "3.5"]
[White "Tukhaev, Adam"]
[Black "Borovikov, Vladislav"]
[Result "1/2-1/2"]
[WhiteElo "2517"]
[BlackElo "2584"]
[PlyCount "113"]
[EventDate "2009.05.21"]

1. e4 c5 2. Nf3 d6 3. d4 cxd4 4. Nxd4 Nf6 5. Nc3 a6 6. Bg5 e6 7. f4 Nbd7 8. Qe2
Qc7 9. O-O-O b5 10. a3 Bb7 11. g4 Be7 12. Bh4 Nc5 13. Bg2 O-O 14. g5 Nfd7 15.
Kb1 Rfe8 16. f5 Bf8 17. g6 hxg6 18. fxg6 fxg6 19. Bh3 Ne5 20. Rhg1 Bc8 21. Bg3
Rb8 22. Bxe5 dxe5 23. Nb3 Nxb3 24. cxb3 b4 25. axb4 Rxb4 26. Rxg6 Rxb3 27. Ka2
Rxc3 28. bxc3 Qxc3 29. Rg3 Qa5+ 30. Kb1 Qb4+ 31. Ka1 Bc5 32. Qc2 Bd4+ 33. Ka2
Rf8 34. Rb1 Qa5+ 35. Ra3 Qd8 36. Rf1 Rxf1 37. Bxf1 Bd7 38. Rxa6 Qh4 39. Rd6 Qe1
40. Rxd7 Qxf1 41. Qc6 Qa1+ 42. Kb3 Qb1+ 43. Ka4 Qa1+ 44. Kb5 Qf1+ 45. Qc4 Qb1+
46. Ka5 Qa1+ 47. Kb5 Qb1+ 48. Qb4 Qxe4 49. Qb3 Qe2+ 50. Kc6 Qa6+ 51. Kc7 Qa7+
52. Kd6 Qa6+ 53. Kc7 Qa5+ 54. Kb7 Qa7+ 55. Kc8 Qa8+ 56. Kc7 Qa5+ 57. Kb7 $11
1/2-1/2

[Event "UKR Championship Club's Teams"]
[Site "Alushta"]
[Date "2009.05.23"]
[Round "3.5"]
[White "Rakhmangulov, Andrei"]
[Black "Brodsky, Michail"]
[Result "0-1"]
[WhiteElo "2330"]
[BlackElo "2524"]
[PlyCount "188"]
[EventDate "2009.05.21"]

1. d4 d5 2. c4 e6 3. Nc3 c6 4. Nf3 Nf6 5. Bg5 h6 6. Bxf6 Qxf6 7. e3 Nd7 8. cxd5
exd5 9. Bd3 Bd6 10. O-O O-O 11. Re1 Qd8 12. Qc2 Nf6 13. Rab1 Re8 14. b4 a6 15.
a4 Bg4 16. Nd2 Qc7 17. Nf1 Bd7 18. Rb3 a5 19. bxa5 Rxa5 20. Reb1 Ra7 21. Bf5
Re7 22. Bxd7 $11 22... Qxd7 23. R1b2 Bc7 24. Kh1 Ba5 25. Ng3 g6 26. Nce2 h5 27.
Nf4 h4 28. Nf1 Ne4 29. h3 Nd6 30. Nd3 Nc4 31. Nc5 Qc8 32. Rb1 Kg7 33. Qd1 33...
Bd8 $11 34. Nd2 Nd6 35. Kg1 Qf5 36. Qf3 Qg5 37. Qg4 Qxg4 38. hxg4 b6 39. Rxb6
Bxb6 40. Rxb6 Rec7 41. g5 Ra8 42. Kh2 Rcc8 43. Ndb3 Nc4 44. Rb7 Rcb8 45. Rc7
Rb6 46. a5 Nxa5 47. Nxa5 Rxa5 48. Ne6+ Kg8 49. Rc8+ Kh7 50. Nf8+ Kg7 51. Nd7
Rba6 52. Nf6 Ra8 53. Rxc6 R8a6 54. Rc8 Rxf6 55. gxf6+ Kxf6 56. Re8 g5 57. g4
hxg3+ 58. Kxg3 Kf5 59. Re5+ Kg6 60. f4 gxf4+ 61. Kxf4 f6 62. Re7 Ra1 63. Rd7
Rf1+ 64. Kg4 Rg1+ 65. Kf3 Rf1+ 66. Ke2 Rf5 67. Kd3 Rh5 68. Kc3 Rh3 69. Re7 Kf5
70. Kb4 Rh4 71. Kc5 Re4 72. Kd6 Kg4 73. Rxe4+ dxe4 74. Ke6 f5 75. Ke5 f4 76. d5
fxe3 77. d6 e2 78. d7 e1=Q 79. d8=Q Qc3+ 80. Ke6 Qc4+ 81. Kf6 e3 82. Qd7+ Kg3
83. Qg7+ Qg4 84. Qa7 e2 85. Qg1+ Kf3 86. Qh1+ Ke3 87. Qc1+ Kf2 88. Qc5+ Kg2 89.
Qc2 Kf1 90. Qd3 Qf4+ 91. Ke7 Kf2 92. Qc2 Qe5+ 93. Kd8 Qd5+ 94. Kc8 Kf1 0-1

[Event "UKR Championship Club's Teams"]
[Site "Alushta"]
[Date "2009.05.23"]
[Round "3.5"]
[White "Kovchan, Alexander"]
[Black "Nedilko, Vasily"]
[Result "1/2-1/2"]
[WhiteElo "2543"]
[BlackElo "2408"]
[PlyCount "83"]
[EventDate "2009.05.21"]

1. e4 c5 2. Nf3 d6 3. d4 cxd4 4. Nxd4 Nf6 5. Nc3 a6 6. Be3 e5 7. Nb3 Be7 8. Be2
Be6 9. O-O Nbd7 10. a4 O-O 11. a5 Rc8 12. Qd2 Qc7 13. Rfd1 Rfe8 14. h3 h6 15.
Qe1 Qc6 16. Bf3 Nh7 17. Ra4 Qc7 18. Rd2 b5 19. axb6 Nxb6 20. Bxb6 Qxb6 21. Be2
Nf6 22. Bxa6 Rxc3 23. bxc3 Ra8 24. Qe2 Bc8 25. Bb5 Rxa4 26. Bxa4 Bb7 27. Qb5
Qxb5 28. Bxb5 Nxe4 29. Rd3 Nf6 30. c4 Be4 31. Rc3 Bf5 32. Bc6 Bd8 33. Bb7 Kf8
34. c5 d5 35. c6 Bc7 36. Rc5 Ke7 37. c4 Bc2 38. Na1 Kd6 39. Rxd5+ Nxd5 40. Nxc2
Ne7 41. Nb4 Ba5 42. Nd5 $11 1/2-1/2

[Event "UKR Championship Club's Teams"]
[Site "Alushta"]
[Date "2009.05.23"]
[Round "3.5"]
[White "Odnorozhenko, Evgenyi"]
[Black "Onischuk, Vladimir"]
[Result "0-1"]
[WhiteElo "2392"]
[BlackElo "2488"]
[PlyCount "68"]
[EventDate "2009.05.21"]

1. d4 Nf6 2. c4 g6 3. Nc3 Bg7 4. e4 d6 5. Nf3 O-O 6. Be2 c5 7. O-O Bg4 8. Be3
Bxf3 9. Bxf3 cxd4 10. Bxd4 Nc6 11. Be3 Nd7 12. Qd2 Rc8 13. Be2 Qa5 14. Rac1 Nc5
15. f3 Na4 16. Nxa4 Qxa4 17. b3 Qa3 18. Bd3 a5 19. c5 Rfd8 20. cxd6 Rxd6 21.
Qe2 Rcd8 22. Bc4 Bd4 23. Bd5 Bxe3+ 24. Qxe3 Nb4 25. Bxb7 Qxa2 26. Ra1 Qb2 27.
Bd5 e6 28. Rab1 Qe5 29. Bc4 Nc2 30. Qa7 $11 30... R6d7 31. Qb6 Rd6 32. Qa7 R8d7
33. Qb8+ Kg7 34. Rbd1 Qc5+ 0-1

[Event "UKR Championship Club's Teams"]
[Site "Alushta"]
[Date "2009.05.24"]
[Round "4.1"]
[White "Zherebukh, Yaroslav"]
[Black "Matjushin, Gennady"]
[Result "1/2-1/2"]
[WhiteElo "2553"]
[BlackElo "2500"]
[PlyCount "73"]
[EventDate "2009.05.21"]

1. e4 c5 2. Nf3 Nc6 3. d4 cxd4 4. Nxd4 Nf6 5. Nc3 e5 6. Ndb5 h6 7. Nd5 Nxd5 8.
exd5 a6 9. dxc6 axb5 10. cxd7+ Bxd7 11. Bd3 Bc6 12. Qe2 12... Qd5 $11 13. f3
Bc5 14. Be3 Bxe3 15. Qxe3 O-O 16. O-O b4 17. Rfe1 Ra5 18. Qb6 Qc5+ 19. Qxc5
Rxc5 20. a3 bxa3 21. Rxa3 Rd8 22. c4 e4 23. fxe4 Re5 24. b4 f5 25. c5 fxe4 26.
Bf1 Kf8 27. Ra7 Rd2 28. b5 Bd5 29. c6 bxc6 30. b6 Rb2 31. b7 c5 32. Ba6 e3 33.
Ra8+ Ke7 34. g4 Rg2+ 35. Kf1 Rf2+ 36. Kg1 Rg2+ 37. Kf1 1/2-1/2

[Event "UKR Championship Club's Teams"]
[Site "Alushta"]
[Date "2009.05.24"]
[Round "4.1"]
[White "Gasanov, Eldar"]
[Black "Kravtsiv, Martyn"]
[Result "1/2-1/2"]
[WhiteElo "2551"]
[BlackElo "2511"]
[PlyCount "111"]
[EventDate "2009.05.21"]

1. d4 Nf6 2. c4 e6 3. Nf3 b6 4. g3 Bb7 5. Bg2 Be7 6. O-O O-O 7. Re1 c5 8. d5
exd5 9. Nh4 Ne4 10. cxd5 Bxh4 11. Bxe4 Bf6 12. Nc3 d6 13. Bf4 Qe7 14. Qc2 h6
15. Rad1 Nd7 16. Bg2 a6 17. a4 Rab8 18. Bc1 b5 19. axb5 axb5 20. Nxb5 Bxd5 21.
Rxd5 Rxb5 22. Red1 Rb6 23. Rh5 Rfb8 24. Bd5 $11 24... Bxb2 25. Bg5 Bf6 26. Rxh6
gxh6 27. Qg6+ Kf8 28. Bxh6+ Ke8 29. Qg8+ Nf8 30. Rd3 Kd7 31. Ra3 Ne6 32. Ra7+
Nc7 33. Qg4+ Kd8 34. Bd2 Ra6 35. Qg8+ Qe8 36. Qxe8+ Kxe8 37. Rxc7 Be7 38. Bc6+
Kd8 39. Rd7+ Kc8 40. Rxe7 Rxc6 41. Rxf7 Rb2 42. Bf4 Rxe2 43. h4 d5 44. h5 Re4
45. h6 Rxf4 46. h7 Rxf7 47. h8=Q+ Kc7 48. Qe5+ Rd6 49. g4 Kd7 50. g5 d4 51.
Qxc5 d3 52. Qb5+ Kd8 53. Qb8+ Kd7 54. Qb5+ Kd8 55. Qb8+ Kd7 56. Qb5+ 1/2-1/2

[Event "UKR Championship Club's Teams"]
[Site "Alushta"]
[Date "2009.05.24"]
[Round "4.3"]
[White "Ledakov, Alexandr"]
[Black "Nosenko, Alexander"]
[Result "1/2-1/2"]
[WhiteElo "2074"]
[BlackElo "2498"]
[PlyCount "60"]
[EventDate "2009.05.21"]

1. d4 c5 2. d5 f5 3. e4 fxe4 4. Nc3 Nf6 5. Nge2 g6 6. Ng3 Bg7 7. h4 d6 8. h5
Bf5 9. h6 Bf8 10. Nxf5 gxf5 11. Be2 Na6 12. f3 Qa5 13. Bd2 Qb6 14. Bb5+ Kd8 15.
a4 Nb4 16. a5 Qc7 17. Bf4 Rg8 18. Qd2 c4 19. Ra4 Qc5 20. Kf1 exf3 21. gxf3 $11
21... Nfxd5 22. Nxd5 Nxd5 23. Bxc4 e6 24. Bxd5 Qb5+ 25. Kf2 Qxd5 26. Qxd5 exd5
27. Rh5 Rc8 28. c3 Kd7 29. Be3 a6 30. Rf4 30... Be7 $11 1/2-1/2

[Event "UKR Championship Club's Teams"]
[Site "Alushta"]
[Date "2009.05.24"]
[Round "4.4"]
[White "Penza, Denis"]
[Black "Brodsky, Michail"]
[Result "0-1"]
[WhiteElo "1981"]
[BlackElo "2524"]
[PlyCount "116"]
[EventDate "2009.05.21"]

1. d4 Nf6 2. c4 c5 3. Nf3 cxd4 4. Nxd4 e6 5. Nc3 Bb4 6. Bd2 Nc6 7. Nc2 Bc5 8.
Be3 Be7 9. g3 Ng4 10. Bc1 O-O 11. Bg2 b6 12. O-O Bb7 13. b3 Nf6 14. Bb2 Rc8 15.
Ne3 Qc7 16. Nb5 Qb8 17. Nd4 Na5 18. Nf3 Rfd8 19. Rc1 a6 20. Qd4 Be4 21. Rfd1
Nc6 22. Qd2 d6 23. Nf1 b5 24. Qe3 $11 24... Bxf3 25. Bxf3 bxc4 26. Rxc4 d5 27.
Rcc1 a5 28. a3 Bd6 29. Bxf6 gxf6 30. b4 axb4 31. axb4 Bxb4 32. Qh6 Qe5 33. Qh4
Be7 34. Qa4 Qd6 35. Ne3 Ne5 36. Bg2 Qa3 37. Qxa3 Bxa3 38. Rxc8 Rxc8 39. Bh3 Rc7
40. Rb1 Kg7 41. Kg2 d4 42. Ng4 Nd7 43. f4 Rc2 44. Kf3 Nc5 45. Nf2 Bc1 46. Bf1
Be3 47. Nd1 e5 48. Kg4 Bg1 49. h3 e4 50. f5 h5+ 51. Kxh5 d3 52. exd3 exd3 53.
Kg4 Nd7 54. Bxd3 Ne5+ 55. Kf4 Nxd3+ 56. Kf3 Ne5+ 57. Ke4 Rc4+ 58. Kd5 Rd4+ 0-1

[Event "UKR Championship Club's Teams"]
[Site "Alushta"]
[Date "2009.05.24"]
[Round "4.5"]
[White "Shkuro, Iuri"]
[Black "Sikula, Vaszilij"]
[Result "1/2-1/2"]
[WhiteElo "2546"]
[BlackElo "2548"]
[PlyCount "24"]
[EventDate "2009.05.21"]

1. Nc3 d5 2. e4 dxe4 3. Nxe4 Nd7 4. Nf3 Ngf6 5. Nxf6+ Nxf6 6. d4 e6 7. Bd3 Be7
8. Qe2 O-O 9. Bg5 c5 10. dxc5 Qa5+ 11. c3 Qxc5 12. O-O 12... Rd8 $11 1/2-1/2

[Event "UKR Championship Club's Teams"]
[Site "Alushta"]
[Date "2009.05.25"]
[Round "5.1"]
[White "Matjushin, Gennady"]
[Black "Dmitrenko, Viktor"]
[Result "1/2-1/2"]
[WhiteElo "2500"]
[BlackElo "2338"]
[PlyCount "49"]
[EventDate "2009.05.21"]

1. c4 e5 2. g3 c6 3. d4 exd4 4. Qxd4 d5 5. cxd5 cxd5 6. Nf3 Nc6 7. Qa4 Nf6 8.
Bg2 Bc5 9. O-O O-O 10. Bg5 h6 11. Bxf6 Qxf6 12. Nc3 Be6 13. Rac1 Bb6 14. Qb5 d4
15. Na4 Rfe8 16. Nxb6 axb6 17. Qxb6 Bd5 18. Ne1 Bxg2 19. Nxg2 Rxa2 20. Qxb7 Ne5
21. Rc8 Rxc8 22. Qxc8+ Kh7 23. Qb7 d3 24. Qe4+ g6 25. Nf4 $11 1/2-1/2

[Event "UKR Championship Club's Teams"]
[Site "Alushta"]
[Date "2009.05.25"]
[Round "5.1"]
[White "Pavlov, Maxim"]
[Black "Gasanov, Eldar"]
[Result "1/2-1/2"]
[WhiteElo "2353"]
[BlackElo "2551"]
[PlyCount "86"]
[EventDate "2009.05.21"]

1. e4 c5 2. Nf3 Nc6 3. d4 cxd4 4. Nxd4 Nf6 5. Nc3 d6 6. Bg5 e6 7. Qd2 a6 8.
O-O-O h6 9. Be3 Qc7 10. f3 Ne5 11. f4 Ned7 12. Be2 b5 13. e5 dxe5 14. fxe5 Nxe5
15. Bf4 Bd7 16. Nf3 Nxf3 17. Bxf3 Qc8 18. Bxa8 Qxa8 19. Rhe1 Bc6 20. Qd3 Be7
21. Bd6 Qd8 22. Qg3 O-O 23. Bf4 Qa5 24. Bxh6 Ne8 25. Bg5 Nf6 26. Re5 Rc8 27.
Rf1 Qd8 28. Rd1 Qc7 29. Bf4 Qb7 30. Rg5 Ne8 31. Rg4 b4 32. Ne2 Be4 33. Nd4 Qd5
34. Be5 f6 35. Re1 fxe5 36. Rgxe4 exd4 37. Rxe6 Bg5+ 38. Kb1 Be3 39. Qg6 Qd7
40. Rf1 Nc7 41. Re5 Rf8 42. Rxf8+ Kxf8 43. g4 43... Kg8 $11 1/2-1/2

[Event "UKR Championship Club's Teams"]
[Site "Alushta"]
[Date "2009.05.25"]
[Round "5.1"]
[White "Sergeev, Vladimir"]
[Black "Sergeev, Vitalij"]
[Result "1-0"]
[WhiteElo "2479"]
[BlackElo "2123"]
[PlyCount "127"]
[EventDate "2009.05.21"]

1. g3 Nf6 2. Bg2 g6 3. c4 Bg7 4. Nc3 O-O 5. d4 d6 6. e3 e5 7. Nge2 c6 8. h3 a6
9. O-O Re8 10. d5 c5 11. e4 Bd7 12. a4 a5 13. g4 h5 14. f3 hxg4 15. fxg4 Nh7
16. Nb5 Bxb5 17. axb5 Bf6 18. Ra3 Bg5 19. Bxg5 Qxg5 20. Qe1 b6 21. Bf3 Nd7 22.
h4 Qe7 23. Bg2 Rf8 24. Qg3 Ndf6 25. Re3 Kg7 26. Nc3 Nd7 27. Kf2 Nhf6 28. Ke1
Rh8 29. Ref3 Raf8 30. Ke2 Qd8 31. Kd3 Kg8 32. R3f2 Kg7 33. Bf3 Qe7 34. Nd1 Ne8
35. Rh1 Rh7 36. Ne3 Kh8 37. Be2 Ng7 38. Rh3 Kg8 39. Kc2 Nf6 40. Bd3 Nd7 41. Kb1
Rd8 42. Ka2 Rf8 43. Rfh2 f6 44. Rf2 Kh8 45. Be2 Kg8 46. Rh1 Ne8 47. Rhf1 Ng7
48. Ka3 48... Rh8 $11 49. Rh1 Rh7 50. Qg2 Ne8 51. Rf3 Ng7 52. Rg3 Nb8 53. Ka2
Nd7 54. Qg1 Nb8 55. Rg2 Nd7 56. Ka1 Nb8 57. g5 f5 58. exf5 Nxf5 59. Nxf5 Rxf5
60. h5 gxh5 61. Bxh5 Rf4 62. Bg4 Rxh1 63. Qxh1 Qf8 64. Be6+ 1-0

[Event "UKR Championship Club's Teams"]
[Site "Alushta"]
[Date "2009.05.25"]
[Round "5.4"]
[White "Zubov, Alexander"]
[Black "Firman, Nazar"]
[Result "1/2-1/2"]
[WhiteElo "2585"]
[BlackElo "2546"]
[PlyCount "55"]
[EventDate "2009.05.21"]

1. d4 f5 2. Nc3 d5 3. Bf4 Nf6 4. Nb5 Na6 5. e3 e6 6. Nf3 c6 7. Nc3 Nc7 8. Bd3
Be7 9. O-O O-O 10. Ne2 Nce8 11. c4 Nd6 12. c5 Nf7 13. Ng5 Nxg5 14. Bxg5 e5 15.
dxe5 Nd7 16. Bxe7 Qxe7 17. f4 Nxc5 18. Rc1 g6 19. Nd4 Bd7 20. b4 Ne6 21. Qb3 a5
22. a3 axb4 23. axb4 Ra7 24. Ra1 Rfa8 25. Rxa7 Rxa7 26. Qc3 Qf8 27. Bc2 Qd8 28.
Ra1 $11 1/2-1/2